000
00260nam a22001097a 4500
082
_a
536.2 BRO'I
100
_a
BROWN, A. I,MARCO, S. M
_9
57377
245
_a
INTRODUCTION TO HEAT TRANSFER
260
_a
LONDON
_b
MCGRAW HILL
_c
1958
300
_a
332P
942
_c
BK
999
_c
567667
_d
567667